Catalog

Record Details

Catalog Search



The Church on Mission : A Biblical Vision for Transformation among All People / Craig Ott Cover Image Book Book

The Church on Mission : A Biblical Vision for Transformation among All People / Craig Ott

Ott, Craig (Author).

Record details

  • ISBN: 978-1-5409-6088-7
  • Physical Description: xi, 131 s.
  • Publisher: Grand Rapids, Michigan : Baker Academic , 2019.

Available copies

  • 1 of 1 copy available at Common Catalog SPOK.

Holds

  • 0 current holds with 1 total copy.
Show All Copies
Location Call Number / Copy Notes Barcode Shelving Location Status Due Date
ETS Library 266 424470017874 Volný výběr Available -

LDR nam a22 i 4500
00146747
003CZ-PrJAB
00520200713215924.0
007ta
008 s e 000 0 eng
020 . ‡a978-1-5409-6088-7
040 . ‡aABG450 ‡bcze ‡erda
072 7. ‡2Konspekt
08214. ‡a266
1001 . ‡aOtt, Craig
24510. ‡aThe Church on Mission : ‡bA Biblical Vision for Transformation among All People / ‡nCraig Ott
264 1. ‡a Grand Rapids, Michigan : ‡bBaker Academic , ‡c2019.
300 . ‡axi, 131 s.
336 . ‡atext ‡btxt ‡2rdacontent
338 . ‡asvazek ‡bnc ‡2rdacarrier
910 . ‡aABG450
901 . ‡a46747 ‡b ‡c46747 ‡tbiblio

Additional Resources